| 000 | 00353 a2200097 4500 | ||
|---|---|---|---|
| 020 | _a8190309803 | ||
| 082 | _a627.8 DES | ||
| 245 |
_aDesign of Small Dams: A Water Resources Technical Publication / _cUnited States Department of the Interior |
||
| 260 |
_aNew Delhi : _bSBS Publishers and Distributors, _c2006 |
||
| 300 |
_aXliii, 860p. : _bill. ; _c30 cm |
||
| 650 | _aDesign of Small Dams | ||
| 999 |
_c2269 _d2269 |
||